000
00333nam a2200133Ia 4500
008
230717s1990 xx 000 0 und d
020
_a
81-7177-086-X
041
_a
eng
082
_a
340.03
_b
SAH
100
_a
Saha A. N
245
_a
Legal And Commercial Dictionary
250
_a
5ed.
260
_a
Calcutta
_b
Eastern Law House
_c
1990
999
_c
673528
_d
673528